Home zones in Scotland (Record no. 109603)
[ view plain ]
| 000 -LEADER | |
|---|---|
| fixed length control field | 01604cad a22002775a 4500 |
| 001 - CONTROL NUMBER | |
| control field | E147539 |
| 008 - FIXED-LENGTH DATA ELEMENTS--GENERAL INFORMATION | |
| fixed length control field | 090521s2007 xxk f s000 0 eng d |
| 020 ## - INTERNATIONAL STANDARD BOOK NUMBER | |
| International Standard Book Number | 9780755967155 |
| 035 ## - SYSTEM CONTROL NUMBER | |
| System control number | (Sirsi) u147539 |
| 041 0# - LANGUAGE CODE | |
| Language code of text/sound track or separate title | eng |
| 050 04 - LIBRARY OF CONGRESS CALL NUMBER | |
| Classification number | 711.1 $2 18 |
| 110 2# - MAIN ENTRY--CORPORATE NAME | |
| Corporate name or jurisdiction name as entry element | Land Use Consultants |
| 9 (RLIN) | 3228 |
| 245 00 - TITLE STATEMENT | |
| Title | Home zones in Scotland |
| Remainder of title | evaluation report |
| Medium | [electronic resource] |
| 260 ## - PUBLICATION, DISTRIBUTION, ETC. | |
| Place of publication, distribution, etc. | [Edinburgh] |
| Name of publisher, distributor, etc. | Scottish Executive Social Research |
| Date of publication, distribution, etc. | 2007 |
| 490 #0 - SERIES STATEMENT | |
| Series statement | Transport Research Series |
| 505 2# - FORMATTED CONTENTS NOTE | |
| Formatted contents note | Executive summary -- Chapter one introduction: background; home zones -- Chapter two main findings: introduction; scheme origins; design; process; effects -- Chapter three conclusions and recommendations: introduction; recommendations -- Chapter four home zone profiles: Ormlie; Thurso; Dundee Royal Infirmary; Caledonian Crescent, Edinburgh; Alexander Terrace, Tillydrone, Aberdeen; Robert Street, Inverclyde; Craighall home zone proposal, Stirling -- Bibliography |
| 520 ## - SUMMARY, ETC. | |
| Summary, etc. | Evaluates the success of Home Zones in Scotland. Home Zones originated in the Netherlands, and are residential areas where pedestrians, cyclists and motorists share the street area. Car numbers in the areas are low, and speeds are also restricted. |
| 521 ## - TARGET AUDIENCE NOTE | |
| Target audience note | Advanced |
| 651 #4 - SUBJECT ADDED ENTRY--GEOGRAPHIC NAME | |
| Geographic name | Scotland |
| Chronological subdivision | 1999- |
| 690 ## - LOCAL SUBJECT ADDED ENTRY--TOPICAL TERM (OCLC, RLIN) | |
| Topical term or geographic name as entry element | Planning and development |
| 9 (RLIN) | 6259 |
| 710 1# - ADDED ENTRY--CORPORATE NAME | |
| Corporate name or jurisdiction name as entry element | Faber Maunsell |
| 710 1# - ADDED ENTRY--CORPORATE NAME | |
| Corporate name or jurisdiction name as entry element | University of Edinburgh |
| 710 1# - ADDED ENTRY--CORPORATE NAME | |
| Corporate name or jurisdiction name as entry element | Small Town and Rural Development Group |
| 856 40 - ELECTRONIC LOCATION AND ACCESS | |
| Uniform Resource Identifier | <a href="https://www.scotland.gov.uk/Publications/2007/08/14114613/0">https://www.scotland.gov.uk/Publications/2007/08/14114613/0</a> |
| Public note | View the report free of charge at www.scotland.gov.uk... |
| 942 ## - ADDED ENTRY ELEMENTS (KOHA) | |
| Suppress in OPAC | 0 |
| Withdrawn status | Lost status | Source of classification or shelving scheme | Damaged status | Not for loan | Home library | Current library | Shelving location | Date acquired | Total Checkouts | Full call number | Barcode | Date last seen | Copy number | Price effective from | Koha item type |
|---|---|---|---|---|---|---|---|---|---|---|---|---|---|---|---|
| Dewey Decimal Classification | Virtual | Virtual | Online | 21/05/2009 | ONLINE PUBLICATION | 147539-2001 | 06/08/2019 | 1 | 06/08/2019 | Book |